PERCEPTION AND AWARENESS AMONG FOOD MANUFACTURERS AND MARKETERS ON HALAL FOOD IN THE KLANG VALLEY / (Record no. 396)

MARC details
000 -LEADER
fixed length control field 00812nam a22002531u 4500
001 - CONTROL NUMBER
control field 03010
003 - CONTROL NUMBER IDENTIFIER
control field HDC
007 - PHYSICAL DESCRIPTION FIXED FIELD--GENERAL INFORMATION
fixed length control field cr bn ---
008 - FIXED-LENGTH DATA ELEMENTS--GENERAL INFORMATION
fixed length control field 201226p200603 xx fo d 00 engg
040 ## - CATALOGING SOURCE
Original cataloging agency HDC
100 ## - MAIN ENTRY--PERSONAL NAME
Personal name AHMAD NIZAM BIN ABDULLAH,
Relator term author
9 (RLIN) 1698
245 #0 - TITLE STATEMENT
Title PERCEPTION AND AWARENESS AMONG FOOD MANUFACTURERS AND MARKETERS ON HALAL FOOD IN THE KLANG VALLEY /
Statement of responsibility, etc. by AHMAD NIZAM BIN ABDULLAH
260 ## - PUBLICATION, DISTRIBUTION, ETC.
Place of publication, distribution, etc. [No Place] :
Name of publisher, distributor, etc. [publisher not identified],
Date of publication, distribution, etc. 2006
300 ## - PHYSICAL DESCRIPTION
Extent 18 pages
336 ## - CONTENT TYPE
Content type term text
Source rdacontent
337 ## - MEDIA TYPE
Media type term computer
Source rdamedia
338 ## - CARRIER TYPE
Carrier type term online resource
Source rdacarrier
650 ## - SUBJECT ADDED ENTRY--TOPICAL TERM
Topical term or geographic name entry element Food industry and trade
General subdivision Religious aspects
-- Islam
9 (RLIN) 149
650 ## - SUBJECT ADDED ENTRY--TOPICAL TERM
Topical term or geographic name entry element Halal food industry
Geographic subdivision Malaysia
9 (RLIN) 218
650 ## - SUBJECT ADDED ENTRY--TOPICAL TERM
Topical term or geographic name entry element Halal food
9 (RLIN) 50
942 ## - ADDED ENTRY ELEMENTS (KOHA)
Source of classification or shelving scheme Library of Congress Classification
942 ## - ADDED ENTRY ELEMENTS (KOHA)
Koha item type Thesis
942 ## - ADDED ENTRY ELEMENTS (KOHA)
Call number prefix THES 000069
Holdings
Withdrawn status Lost status Source of classification or shelving scheme Damaged status Not for loan Home library Current library Shelving location Date acquired Total checkouts Full call number Date last seen Price effective from Koha item type
    Library of Congress Classification     Halal Development Corporation Library Halal Development Corporation Library Open Shelves 24/05/2023   THES 000069 24/05/2023 24/05/2023 Thesis
Halal Development Corporation Berhad (HDC)
5.02 Level 5, KPMG Tower, First Avenue, Persiaran Bandar Utama, 47800 Petaling Jaya, Selangor Darul Ehsan
Phone: +603 7965 5489 Email: [email protected]